La investigación total: la unidad metodológica en la investigación científica

Na minha lista:
Detalhes bibliográficos
Autor principal: Cerda Gutiérrez, Hugo (Author)
Formato: Livro
Idioma:espanhol
Publicado em: Bogotá Magisterio 1989
Colecção:Coleccion Mesa Redonda, 10
Assuntos:
Tags: Adicionar Tag
Sem tags, seja o primeiro a adicionar uma tag!

MARC

LEADER 00000nam a2200000 a 4500
001 UCX9381
003 CL-VaPUC
008 940601e19890000CK |||||||||||||||||spa|d
082 0 4 |a 001.4  |b CER  |2 21 
100 0 |a Cerda Gutiérrez, Hugo  |e author  |9 326771 
245 1 3 |a La investigación total: la unidad metodológica en la investigación científica 
300 |a 112 p 
942 |c BK 
945 |d 19940601 00:00:00  |a rbrito 
260 |a Bogotá  |b Magisterio  |c 1989 
650 0 |a Investigación científica  |9 259857 
583 |a last modification  |c 19940601 00:00:00  |k Rodrigo Vera 
490 0 |a Coleccion Mesa Redonda, 10 
999 |c 228639  |d 228637 
952 |0 0  |1 0  |4 0  |6 001_400000000000000_CER_1989  |7 0  |8 A  |9 228931  |a BIBEDU  |b BIBEDU  |d 2019-11-15  |i 2980800  |o 001.4 CER 1989  |p 2980800  |r 2019-11-15  |w 2019-11-15  |y BK  |k EDU 
952 |0 0  |1 0  |4 0  |6 001_400000000000000_CER_1989  |7 0  |8 A  |9 228932  |a BIBEDU  |b BIBEDU  |d 2019-11-15  |i 3004007  |o 001.4 CER 1989  |p 3004007  |r 2019-11-15  |w 2019-11-15  |y BK  |k EDU 
952 |0 0  |1 0  |4 0  |6 001_400000000000000_CER_1989  |7 0  |8 A  |9 228933  |a BIBEDU  |b BIBEDU  |d 2019-11-15  |i 3128407  |o 001.4 CER 1989  |p 3128407  |r 2019-11-15  |w 2019-11-15  |y BK  |k EDU